000 00925cab a2200229 4500
001 WB3222-13
008 090401t1996 xxu||||| |||| 00| 0 eng d
035 _a(Sirsi) u20713
041 _aeng
245 _aIssue estoppel
260 _c1996
350 _a0
490 _aEstates Gazette Case Summaries
_v[1996] EGCS 92, (1) (1/6/96)
520 _a"Porter and another v SoS Transport" CA 16 May 1996. CA allowed an appeal against an earlier ruling that S was precluded by the conditions of issue estoppel from reopening the issue concerning alternative land use in Compulsory Purchase Order compensation.
650 _aALTERNATIVE LAND USE
650 _aCOMPULSORY PURCHASE ORDER
650 _aDIMINUTION IN VALUE
650 _aPORTER AND ANOTHER V SOS TRANSPORT
690 _aENVIRONMENTAL AND LAND CONSULTANCY-PLANNING AND DEVELOPMENT-COMPULSORY PURCHASE AND COMPENSATION
942 _n0
948 _c04/03/1997
999 _c13877
_d13877